00481nam a2200145Ia 4500008004100000245007600041260002600117260000900143300000800152650002600160650001200186856004500198999001900243952007300262170516s9999 xx 000 0 und d aPulmonary tumor thrombotic microangiopathy caused by prostate carcinoma bActa Radiologica Open c2016 a5:8 xRadiologic Technology xRadtech uhttp://journals.sagepub.com/toc/arrb/5/8 c332742d332742 001040aCLbCLd2017-05-16l0r2017-05-16 00:00:00w2017-05-16yFOJ